01758cam a22002654i 45000010009000000050017000090080041000260100017000670200043000840200026001270200025001530400028001780420008002060500022002140820026002362450108002622600027003703000027003975040051004245050835004756500066013106500061013767000029014377000026014661859050120170105102939.0150424s2015 enk b 001 0 eng  a 2015004250 a9781472438836 (hardbacke : alk. paper) z9781472438843 (ebook) z9781472438850 (epub) aDLCbengcDLCerdadDLC apcc00aJZ5601b.D53 201500a327.172223bDIA 201500aDialogue and conflict resolution :bpotential and limits /cedited by Pernille Rieker and Henrik Thune. aEnglandbAshgatec2015 aix, 233 pages ;c24 cm aIncludes bibliographical references and index.0 aIntroduction : Dialogue and conflict resolution / Pernille Rieker -- Diplomacy and Dialogue / Ole Jacob Sending -- The dysfunctions of non-party conflict diplomacy / Henrik Thune and Frida Nome -- Dialogue in a World of Emotional Politics / Paul Saurette and Henrik Thune -- What makes dialogue and diplomacy work or not? : Russia, Georgia and Russia, Ukraine / Jakub M. Godzimirski -- Nuclear Diplomacy : the Case of Iran / Sverre Lodgaard -- Libya : The promise and pitfalls of diplomacy / MaĚŠlfrid Braut-Hegghammer and Pernille Rieker -- Peace dialogue, the Afghan case 2001-2014 / Michael Semple -- The attempts of dialogue in Sudan / John Ashworth -- Dialogue as tool for addressing religious tensions : containing the violence, or true conflict resolution? / George Fahmi -- Conclusions / Pernille Rieker and Henrik Thune. 0aConflict managementxInternational cooperationvCase studies. 0aPeace-buildingxInternational cooperationvCase studies.1 aRieker, Pernille,d1971-1 aThune, Henrik,d1969-